| 000 | 00905nam a2200217Ia 4500 | ||
|---|---|---|---|
| 999 |
_c40284 _d40284 |
||
| 001 | 6892 | ||
| 003 | GE_BSU | ||
| 005 | 20200204135351.0 | ||
| 008 | 181216s1971||||ge |||||||||||||| ||geo|| | ||
| 040 | _cGE_BSU | ||
| 041 | _ageo | ||
| 080 | _a821.353.1-32 გ-74 | ||
| 100 |
_aგოცირიძე, ლამარა. _96764 |
||
| 245 |
_aტოროლები მიფრინავენ მზისკენ : _bმოთხრობები / _cლამარა გოცირიძე ; რედ. რ. ჯაფარიძე. |
||
| 264 |
_aთბილისი : _bნაკადული, _c1971. |
||
| 300 |
_a118 გვ. ; _c16 სმ. |
||
| 653 | _aტოროლები მიფრინავენ მზისკენ | ||
| 653 | _aმოთხრობები | ||
| 700 |
_aჯაფარიძე, რ. _eრედაქტორი _96765 |
||
| 942 |
_cBK _2udc |
||